Guess The American Brands! #11 - Statistics

General Stats
  • This quiz has been taken 37 times
  • The average score is 15 of 20
Answer Stats
Picture Answer % Correct
Taco Bell
100%
Shrek
97%
Spiderman
97%
Subway
97%
Superman
97%
Target
97%
XBOX
94%
Warner Bros
92%
Sesame Street
86%
Skechers
83%
Crocs
72%
Staples
69%
Bank Of America
61%
Friskies
61%
Chase
53%
Timberland
53%
Stanford
50%
K'nex
36%
Playskool
33%
Yelp
33%
No matching quizzes found
Score Distribution
Percent of People with Each Score
Percentile by Number Answered
Your Score History
You have not taken this quiz